000 00240nmm a2200085Ia 4500
008 220120s9999||||xx |||||||||||||||||und||
100 _aDIGIT-FEB-2009 (DVD)
245 0 _aBabylon project, madiapartal , frets on fire, open Suse
260 _c2009
999 _c139266
_d139266